Truyền dẫn thủy lực trong chế tạo máy

Đã lưu trong:
Sonraí Bibleagrafaíochta
Príomhúdar: Trần Doãn Đỉnh ... [et al.]
Formáid: Leabhar
Teanga:Undetermined
Foilsithe: H. KHKT 2002
Ábhair:
Clibeanna: Cuir Clib Leis
Gan Chlibeanna, Bí ar an gcéad duine leis an taifead seo a chlibeáil!
Thư viện lưu trữ: Trung tâm Học liệu Trường Đại học Cần Thơ
LEADER 00526nam a2200169Ia 4500
001 CTU_49998
008 210402s9999 xx 000 0 und d
082 |a 621.2 
082 |b Tr527 
100 |a Trần Doãn Đỉnh ... [et al.] 
245 0 |a Truyền dẫn thủy lực trong chế tạo máy 
245 0 |c Trần Doãn Đỉnh ... [et al.] 
260 |a H. 
260 |b KHKT 
260 |c 2002 
650 |a fluid mechanics,fluid power technology 
980 |a Trung tâm Học liệu Trường Đại học Cần Thơ